PSSC Physics / (Record no. 8729)

MARC details
000 -LEADER
fixed length control field 00682nam a22002297a 4500
003 - CONTROL NUMBER IDENTIFIER
control field OSt
005 - DATE AND TIME OF LATEST TRANSACTION
control field 20240624105124.0
008 - FIXED-LENGTH DATA ELEMENTS--GENERAL INFORMATION
fixed length control field 240624b |||||||| |||| 00| 0 eng d
020 ## - INTERNATIONAL STANDARD BOOK NUMBER
International Standard Book Number 0669031135
040 ## - CATALOGING SOURCE
Transcribing agency MUST
082 ## - DEWEY DECIMAL CLASSIFICATION NUMBER
Classification number 530 HAB 1981
100 ## - MAIN ENTRY--PERSONAL NAME
Personal name Haber-Schaim, Uri
9 (RLIN) 17645
245 ## - TITLE STATEMENT
Title PSSC Physics /
Statement of responsibility, etc. Uri Haber-Schaim, John H. Dodger, James A. Walter
250 ## - EDITION STATEMENT
Edition statement 5th.ed.
260 ## - PUBLICATION, DISTRIBUTION, ETC. (IMPRINT)
Place of publication, distribution, etc. Massachusetts
Name of publisher, distributor, etc. D. C. Heath and Company
Date of publication, distribution, etc. 1981
300 ## - PHYSICAL DESCRIPTION
Extent vii,583p.:
Other physical details col.ill.;
Dimensions 30 cm.
504 ## - BIBLIOGRAPHY, ETC. NOTE
Bibliography, etc Includes bibliographical references and index
650 ## - SUBJECT ADDED ENTRY--TOPICAL TERM
Topical term or geographic name as entry element Physics
9 (RLIN) 809
700 ## - ADDED ENTRY--PERSONAL NAME
Personal name Dodger, John H.
9 (RLIN) 17646
700 ## - ADDED ENTRY--PERSONAL NAME
Personal name Walter, James A.
9 (RLIN) 17647
942 ## - ADDED ENTRY ELEMENTS (KOHA)
Source of classification or shelving scheme Dewey Decimal Classification
Koha item type Open Shelf
Holdings
Withdrawn status Lost status Source of classification or shelving scheme Damaged status Not for loan Home library Current library Date acquired Source of acquisition Inventory number Total Checkouts Full call number Barcode Date last seen Price effective from Koha item type
    Dewey Decimal Classification     MUST Main Library MUST Main Library 24/06/2024 Donation 1999/13180   530 HAB 1981 2024-21061 24/06/2024 24/06/2024 Open Shelf